书目信息 |
| 题名: |
AutoCAD 2005通用机械设计
|
|
| 作者: | 胡仁喜 , 赵永玲 , 齐月静 编著 | |
| 分册: | ||
| 出版信息: | 北京 机械工业出版社 2005.09 |
|
| 页数: | 329页 | |
| 开本: | 26cm | |
| 丛书名: | AutoCAD工程设计系列丛书 | |
| 单 册: | ||
| 中图分类: | TH122 | |
| 科图分类: | ||
| 主题词: | 机械设计--ji xie she ji--计算机辅助设计--图形软件--AutoCAD 2005 | |
| 电子资源: | ||
| ISBN: | 7-111-15961-6 | |
| 000 | 01215nam 2200277 450 | |
| 001 | 012006382843 | |
| 005 | 20060303082833.03 | |
| 010 | @a7-111-15961-6@dCNY36.00 (含光盘) | |
| 100 | @a20060303d2005 km y0chiy0120 ea | |
| 101 | 0 | @achi |
| 102 | @aCN@b110000 | |
| 105 | @aa z 000yy | |
| 200 | 1 | @aAutoCAD 2005通用机械设计@AAutoCAD 2005 tong yong ji xie she ji@f胡仁喜, 赵永玲, 齐月静等编著@Fhu ren xi,zhao yong ling,qi yue jing deng bian zhu |
| 210 | @a北京@c机械工业出版社@d2005.09 | |
| 215 | @a329页@c图@d26cm@e光盘1片 | |
| 225 | 2 | @aAutoCAD工程设计系列丛书@AAutoCAD gong cheng she ji xi lie cong shu |
| 307 | @a光盘 ISBN : 7-89492-402-4 | |
| 330 | @a本书以齿轮泵为主要的实例模型,详细介绍了AutoCAD 2005绘图基础知识、二维零件设计、三维零件设计等知识,还介绍了不同零件的设计思路、风格、技巧,对每个零件实例都介绍了设计过程使用的命令和数据,并提供了真实的设计效果图片。 | |
| 410 | 0 | @12001 @aAutoCAD工程设计系列丛书 |
| 606 | 0 | @a机械设计@Aji xie she ji@x计算机辅助设计@x图形软件@xAutoCAD 2005 |
| 690 | @aTH122@v4 | |
| 701 | 0 | @a胡仁喜@Ahu ren xi@4编著 |
| 701 | 0 | @a赵永玲@Azhao yong ling@4编著 |
| 701 | 0 | @a齐月静@Aqi yue jing@4编著 |
| 801 | 0 | @aCN@bQSSK@c20060303 |
| 905 | @a10447@dTH122@eH497 | |
| AutoCAD 2005通用机械设计/胡仁喜, 赵永玲, 齐月静等编著.-北京:机械工业出版社,2005.09 |
| 329页:图;26cm+光盘1片.-(AutoCAD工程设计系列丛书) |
| ISBN 7-111-15961-6:CNY36.00 (含光盘) |
| 本书以齿轮泵为主要的实例模型,详细介绍了AutoCAD 2005绘图基础知识、二维零件设计、三维零件设计等知识,还介绍了不同零件的设计思路、风格、技巧,对每个零件实例都介绍了设计过程使用的命令和数据,并提供了真实的设计效果图片。 |
| ● |
| 相关链接 |
|
|
|
正题名:AutoCAD 2005通用机械设计
索取号:TH122/H497
 
预约/预借
| 序号 | 登录号 | 条形码 | 馆藏地/架位号 | 状态 | 备注 |
| 1 | 553581 | 205535811 | 自科库501/501自科库 33排2列1层/ [索取号:TH122/H497] | 在馆 | |
| 2 | 553582 | 205535820 | 自科二线504/504自科库 41排1列2层/ [索取号:TH122/H497] | 在馆 | |
| 3 | 553583 | 205535839 | 期刊室512/501自科库 33排2列1层/ [索取号:TH122/H497] | 在馆 |